000 00895nam a22002297a 4500
005 20240530110616.0
008 161123s2015 ua f b 000 0 ara d
017 _a2015/22149
_bمصر. دار الكتب
020 _a9789777220675
040 _aEG-CaGPL
_cEG-CaGPL
082 0 4 _221
_a658.401\
_bم ح
100 0 _aمدحت محمد محمود ابوالنصر
245 1 2 _aالحوكمة الرشيدة فن ادارة المؤسسات عالية الجودة /
_cتاليف مدحت محمد محمود ابوالنصر
250 _aط. 1
260 _aالقاهرة :
_bالمجموعة العربية للتدريب و النشر ،
_c2015 .
300 _a187 ص. ؛
_c24 سم.
650 0 7 _2qrmak
_aالمؤسسات
_xتنظيم و ادارة
651 _2qrmak
653 0 4 _aالمؤسسات - حوكمة
942 _2ddc
_cBK
999 _c62963
_d62963